Las personas de verdad son de todas las tallas : (Registro nro. 30341)

Detalles MARC
000 -CABECERA
Longitud fija campo de control 01058nam a2200229 a 4500
003 - • IDENTIFICADOR DELl NÚMERO DE CONTROL
Identificador del número de control CO-ViMGA
008 - • CÓDIGOS DE INFORMACIÓN DE LONGITUD FIJA
Códigos de información de longitud fija 141112s2004 ck r 000 u spa d
020 ## - • NÚMERO INTERNACIONAL NORMALIZADO PARA LIBROS
Número Internacional Normalizado para Libros (ISBN) 9580495661
040 ## - FUENTE DE LA CATALOGACIÓN
Centro catalogador de origen CO-ViMGA
Lengua de catalogación spa
Centro transcriptor CO-ViMGA
082 04 - • NÚMERO DE LA CLASIFICACIÓN DECIMAL DEWEY
Número de clasificación (R) 649.1 K173p
100 1# - • PUNTO DE ACCESO PRINCIPAL-NOMBRE DE PERSONA
Nombre de persona Kater, Kathy
245 10 - • TITULO PROPIAMENTE DICHO
Título Las personas de verdad son de todas las tallas :
Resto del título Diez lecciones para ayudar a sus hijos a construir una autoestima corporal saludable
300 ## - • DESCRIPCIÓN FÍSICA
Extensión 251
505 ## - • NOTA DE CONTENIDO CON FORMATO
Nota de contenido con formato Mitos culturales y perdida de la estima corporal 47 - - Cómo el cuerpo regula el peso 121 - - Por que las dietas no funcionan 150 - - Comer bien para tener un peso saludable 164 - - Escoger modelos de vida saludables 227
590 ## - NOTAS LOCALES
Nota local Forma de adquisición : Donación fact. 8860 - - Precio : 25000 - - Proveedor : Fundación exito - - Fecha de adquisición : Julio 2007
650 14 - • PUNTO DE ACCESO ADICIONAL DE MATERIA - TÉRMINO DE MATERIA
Término de materia o nombre geográfico como elemento inicial AUTOESTIMA EN NIÑOS
650 14 - • PUNTO DE ACCESO ADICIONAL DE MATERIA - TÉRMINO DE MATERIA
Término de materia o nombre geográfico como elemento inicial IMAGEN CORPORAL EN LA ADOLESCENCIA
650 14 - • PUNTO DE ACCESO ADICIONAL DE MATERIA - TÉRMINO DE MATERIA
Término de materia o nombre geográfico como elemento inicial TRANSTRONOS ALIMENTICIOS
942 ## - ENTRADA DE ELEMENTOS AGREGADOS (KOHA)
Fuente de clasificaión o esquema Dewey Decimal Classification
Koha [por defecto] tipo de item LIbro
Existencias
Perdido Fuente de clasificación o esquema Estado Físico No para préstamo Forma de adquisición Localización permanente Localización actual Fecha adquisición Serie de enumeración / cronolog&íacute;a Préstamos totales Signatura completa Código de barras Fecha última consulta Número de copia Fecha del precio de reemplazo Tipo de item de Koha
  Dewey Decimal Classification     Sala Especializada Tercer Piso Biblioteca Pública Germán Arciniegas - Villavicencio Biblioteca Pública Germán Arciniegas - Villavicencio 12/04/2015 Volumen. 1 | 11/jun/2009   649.1 K173p 21790 12/04/2015 Ej. 1 12/04/2015 LIbro









Instituto Departamental de Cultura del Meta - Red Departamental de Bibliotecas Públicas del Meta.